Statistics for Law Enforcement Phonetic Alphabet

Click here to take the quiz!

General Stats

  • This quiz has been taken 95 times
  • The average score is 20 of 25

Answer Stats

HintAnswer% Correct
AAdam
98%
BBoy
93%
FFrank
92%
IIda
92%
LLincoln
90%
CCharles
88%
DDavid
88%
GGeorge
88%
KKing
88%
XXray
88%
ZZebra
88%
MMary
86%
EEdward
85%
POcean
85%
HHenry
83%
JJohn
83%
VVictor
80%
WWilliam
80%
RRobert
76%
SSam
76%
TTom
76%
UUnion
76%
QPaul
71%
YYellow
46%
ONora
42%

Score Distribution

Percentile by Number Answered

Percent of People with Each Score

Your Score History

You have not taken this quiz